| 000 | 00701nam a2200253 a 4500 | ||
|---|---|---|---|
| 001 | nice12345678 | ||
| 003 | IN_TiNIC | ||
| 005 | 20260116015104.0 | ||
| 008 | 050524s1990 newa grp 000 0 eng | ||
| 020 |
_a9711138 _c215 |
||
| 082 | 0 | 0 |
_a323.39710959 _bMAN |
| 100 | _aMan,, W K Che | ||
| 245 | _aMuslim Separatism the Moros of Southern Philippines & the Malays of Southe | ||
| 260 |
_aNew York _bOxford University Press _c1990 |
||
| 300 | _a240p | ||
| 500 | _aincludes index and biblioraphy | ||
| 505 | 2 | _aIndex | |
| 650 | _aMuslims-Philippines-Politics | ||
| 650 | _aMuslims-Thailand- Politics | ||
| 700 | 1 | _aMan,, W K Che | |
| 902 | _bSRS | ||
| 942 | _cBK | ||
| 999 |
_c18268 _d18268 |
||